Normal view
MARC view
- التاريخ القديم-اليونان-الرومان
Entry Topical Term
001 - CONTROL NUMBER
- control field: 60145
003 - CONTROL NUMBER IDENTIFIER
- control field: JO-AjAnu
005 - DATE AND TIME OF LATEST TRANSACTION
- control field: 20230606083830.0
008 - FIXED-LENGTH DATA ELEMENTS
- fixed length control field: 230606|| aca||aabn | a|a d
040 ## - CATALOGING SOURCE
- Original cataloging agency: JO-AjAnu
- Transcribing agency: JO-AjAnu
150 ## - HEADING--TOPICAL TERM
- Topical term or geographic name entry element: التاريخ القديم-اليونان-الرومان
670 ## - SOURCE DATA FOUND
- Source citation: Work cat.: (JO-AjAnu)30673: النعيمي، فيان موفق؛ م.مشارك ياسر عبد الجواد المشهداني, author 60144, تاريخ اليونان والرومان في الشرق الادنى